Statistics for Srpska književnost

Click here to take the quiz!

General Stats

  • This quiz has been taken 356 times
    (321 since last reset)
  • The average score is 20 of 30

Answer Stats

QuestionAnswer% Correct
Ko je napisao "Život i priključenija?"Dositej Obradović
95%
Ko dospeva pred sud u Kočićevoj pripoveci?Jazavac
92%
Ko je napisao roman "Seobe?"Miloš Crnjanski
92%
"Bilo je to u nekoj zemlji seljaka..." su početne reči koje pesme?"Krvava bajka"
91%
Ko je napisao pesmu "Santa Maria Della Salute?"Laza Kostić
89%
Ko je Aska u Andrićevoj pripovetci "Aska i vuk?"Ovca
85%
Ko je napisao "Plavi čuperak?"Miroslav Antić
84%
Koja je po Njegošu "voćka čudnovata"?Orah
82%
Koja vrsta dela je "Sve će to narod pozlatiti?"Pripovetka
82%
Koja pripovetka je delo Laze Lazarevića?Prvi put sa ocem na jutrenje
78%
Kojim stihom počinje "Plava grobnica" Milutina Bojića?"Stojte galije carske..."
77%
Nastavi narodnu poslovicu: "Drvo se na drvo oslanja, a ...čovek na čoveka
73%
Ko je napisao delo "Hajduk Stanko?"Janko Veselinović
73%
Ko je stvorio lik Nikoletine Bursaća?Branko Ćopić
72%
U koga je bila zaljubljena Zona Zamfirova?U Maneta
72%
Ko je Koštana u istoimenom delu Bore Stankovića?Ciganka
68%
Ko je Ben Akiba?Branislav Nušić
67%
Karađoz je lik iz kog Andrićevog dela?Prokleta avlija
65%
Šta je glavni junak romana Dragoslava Mihajlovića "Kad su cvetale tikve?"Bokser
63%
U istoimenoj Domanovićevoj pripovetci, vođa je ...Slep
63%
Ako je pop-Ćirina žena Persa, kako se zove pop-Spirina žena?Sida
62%
Koje delo nije Nušićeva komedija?Večiti mladoženja
56%
Ko je napisao pesmu "Deca su ukras sveta?"Ljubivoje Ršumović
55%
Šta predstavljaju "Rani Jadi" Danila Kiša?Zbirku pripovedaka
46%
Ko je bio Tešan Podrugović?Guslar
42%
U kom delu se Jovan Dučić bavi esencijom čovekovog postojanja?Blago cara Radovana
41%
Kome je Njegoš posvetio "Gorski Vijenac?"Karađorđu
40%
"Mili Bože čuda velikoga, kad se sleže na Kosovo vojska..." je početak koje narodne pesme?Smrt majke Jugovića
39%
Ko je stvorio "Gospa Nolu?"Isidora Sekulić
36%
Koje delo ne spada među srpske narodne pripovetke?Ero s' onoga svijeta
23%

Score Distribution

Percentile by Number Answered

Percent of People with Each Score

Your Score History

You have not taken this quiz since the last reset